Villes de RDA - Statistiques

Statistiques générales
  • Ce quiz a été pris 76 fois
  • Le résultat moyen est 6 sur 17
Statistiques - réponses
Ville Population en 1970 % Correct
Berlin 1 071 462
100%
Leipzig 595 203
87%
Dresden 503 859
78%
Rostock 179 352
54%
Potsdam 109 867
52%
Karl-Marx-Stadt 293 549
45%
Magdeburg 265 141
45%
Jena 85 169
30%
Halle 274 402
28%
Erfurt 192 179
27%
Brandenburg an der Havel 89 754
22%
Schwerin 91 496
22%
Gera 106 841
13%
Zwickau 128 505
13%
Dessau 95 546
4%
Görlitz 88 824
4%
Plauen 81 239
1%
Aucun quiz correspondant
Distribution des résultats
% des personnes avec chaque résultat
Percentile par nombre de réponses
Votre historique - résultats
Vous n’avez pas pris ce quiz